Common Misnomers Quiz Stats

 Plays Quiz Updated Dec 1, 2014

Challenge
Share
Tweet
Embed
Score 0/32 Timer 08:00
0 Plays Today
Question Y or N % Correct
Is a karate black belt black????
89.7%
Is the Red sea usually red????
88.6%
Is a jellyfish a fish????
87.8%
Is a shooting star a star????
84%
Is a kiwi bird a bird????
83.8%
Is there lead in pencil lead????
82.1%
Is a koala bear a bear????
82%
Is the Monaco Grand Prix held in Monaco????
81.7%
Is catgut made from cats????
80.8%
Is the Hubble telescope a telescope????
80.2%
Is a black bean a bean????
79.7%
Are the Canary islands named after the canary bird????
79.4%
Is the cross on the Red Cross flag red????
76%
Does dry cleaning not use liquids????
74.7%
Is a Manx cat a cat????
74.3%
Does horsehair come from horses????
72.7%
Question Y or N % Correct
Is Ecuador on the equator????
72.7%
Is a firefly a fly????
70.6%
Did the cor anglais (English horn) originate from England????
67.6%
Is a black box (flight recorder) black????
67.4%
Are refried beans fried more than once????
67.2%
Is a white rhino white????
66.6%
Is a peanut a nut????
66.3%
Did Chinese Checkers originate from China????
64.7%
Did the Spanish Inquisition originate from Spain????
61.2%
Are the Everly Brothers brothers????
60.9%
Do Panama hats originate from Panama????
55.7%
Do frankfurters originate from Frankfurt????
50.5%
Does the Marylebone Cricket Club have a cricket team????
49.4%
Are wellington boots named after the Duke of Wellington????
47.3%
Was Americium discovered in America????
42.2%
Did the 30 years' war (in the 17th century) last for 30 years????
27.6%

You're not logged in!

Compare scores with friends on all Sporcle quizzes.
OR
Log In

You Might Also Like...

Show Comments

Extras

Top Quizzes Today


Score Distribution

Your Account Isn't Verified!

In order to create a playlist on Sporcle, you need to verify the email address you used during registration. Go to your Sporcle Settings to finish the process.

Report this User

Report this user for behavior that violates our Community Guidelines.

Details: